Mobbing, violencia física y estrés en el trabajo
Uloženo v:
| Hlavní autor: | |
|---|---|
| Médium: | Kniha |
| Jazyk: | španělština |
| Vydáno: |
Barcelona
Gestión 2000
2005
|
| Témata: | |
| Tagy: |
Přidat tag
Žádné tagy, Buďte první, kdo vytvoří štítek k tomuto záznamu!
|
MARC
| LEADER | 00000nam a2200000 a 4500 | ||
|---|---|---|---|
| 001 | UCK4853 | ||
| 003 | CL-VaPUC | ||
| 008 | 050624e20050000SP |||||||||||||||||spa|d | ||
| 020 | |a 8480885572 | ||
| 082 | 0 | 4 | |a 344.01 |b VEL |2 21 |
| 100 | 0 | |a Velázquez Fernández, Manuel |e author |9 493492 | |
| 245 | 1 | 0 | |a Mobbing, violencia física y estrés en el trabajo |
| 300 | |a 381 p | ||
| 942 | |c BK | ||
| 945 | |d 20050624 00:00:00 |a jcarroza | ||
| 260 | |a Barcelona |b Gestión 2000 |c 2005 | ||
| 650 | 7 | |a DERECHO LABORAL |2 CL-VaPUC |9 15 | |
| 650 | 0 | |a Relaciones laborales |9 335971 | |
| 650 | 0 | |a Conflictos laborales |9 256688 | |
| 650 | 0 | |a Violencia psicológica |9 493096 | |
| 650 | 7 | |a STRESS LABORAL |2 CL-VaPUC |9 328202 | |
| 583 | |a last modification |c 20050624 00:00:00 |k Rodrigo Vera | ||
| 999 | |c 313594 |d 313592 | ||
| 952 | |0 0 |1 0 |4 0 |6 344_010000000000000_VEL_2005 |7 0 |8 A |9 385018 |a BIBDER |b BIBDER |d 2019-11-22 |i 4140427 |o 344.01 VEL 2005 |p 4140427 |r 2023-01-25 |w 2019-11-22 |y BK |k DER | ||
| 952 | |0 0 |1 0 |4 0 |6 344_010000000000000_VEL_2005 |7 0 |8 A |9 385019 |a BIBEDU |b BIBEDU |d 2019-11-22 |i 4372077 |o 344.01 VEL 2005 |p 4372077 |r 2019-11-22 |w 2019-11-22 |y BK |k PSI | ||